000 01326nam a2200337Ia 4500
001 ebr10660256
003 CaPaEBR
006 m u
007 cr cn|||||||||
008 080709s2008 nyua sb 001 0 eng d
010 _z 2008030492
020 _z160456928X (hardcover)
020 _z9781604569285 (hardcover)
020 _z9781607419075 (ebook)
040 _aCaPaEBR
_cCaPaEBR
035 _a(OCoLC)430205134
050 1 4 _aQC20.7.D5
_bF74 2008eb
082 0 4 _a530.15/535
_222
100 1 _aFreiling, G.
245 1 0 _aLectures on the differential equations of mathematical physics
_h[electronic resource] :
_ba first course /
_cG. Freiling and V. Yurko.
260 _aNew York :
_bNova Science Publishers,
_cc2008.
300 _aviii, 304 p. :
_bill.
504 _aIncludes bibliographical references (p. [297]-299) and index.
533 _aElectronic reproduction.
_bPalo Alto, Calif. :
_cebrary,
_d2013.
_nAvailable via World Wide Web.
_nAccess may be limited to ebrary affiliated libraries.
650 0 _aDifferential equations.
650 0 _aMathematical physics.
655 7 _aElectronic books.
_2local
700 1 _aYurko, V. A.
710 2 _aebrary, Inc.
856 4 0 _uhttp://site.ebrary.com/lib/rucke/Doc?id=10660256
_zAn electronic book accessible through the World Wide Web; click to view
999 _c67593
_d67593